[Event "Asia-ch Blitz U20 Girls"]
[Site "Jamshedpur"]
[Date "2023.09.15"]
[Round "3"]
[White "Divya"]
[Black "Poorvi, Rajpoot"]
[Result "0-1"]
[WhiteElo "1215"]
[BlackElo "1429"]
[PlyCount "68"]
[EventDate "2023.09.15"]
[EventType "swiss (blitz)"]
[EventRounds "9"]
[EventCountry "IND"]
[SourceTitle "EXT 2024"]
[Source "ChessBase"]
[SourceDate "2023.10.10"]
[SourceVersion "1"]
[SourceVersionDate "2023.10.10"]
[SourceQuality "1"]

1. g3 c5 2. Bg2 Nc6 3. Nf3 g6 4. 0-0 Bg7 5. c3 d5 6. d4 cxd4 7. cxd4 Nf6 8. Bg5 0-0 9. Qc1 Bf5 10. Bh6 Rc8 11. Nc3 Ne4 12. Bxg7 Kxg7 13. Qe3 Nb4 14. Rac1 Nxc3 15. Rxc3 Rxc3 16. Qxc3 Qb6 17. a3 Nc6 18. e3 Rc8 19. Qd2 Qb3 20. Rc1 Be4 21. Ne5 Bxg2 22. Kxg2 f6 23. Nxc6 bxc6 24. Qc3 Qb6 25. Qc5 Qb7 26. b4 a6 27. Kf1 e5 28. e4 exd4 29. exd5 Rd8 30. Qxc6 Qe7 31. Qc7 Rd7 32. Qc5 Qe4 33. d6 d3 34. Re1 Qh1# 0-1

[Event "Asia-ch Rapid U20 Girls"]
[Site "Jamshedpur"]
[Date "2023.09.08"]
[Round "5"]
[White "Poorvi, Rajpoot"]
[Black "Divya"]
[Result "0-1"]
[WhiteElo "1301"]
[BlackElo "1191"]
[PlyCount "86"]
[EventDate "2023.09.08"]
[EventType "swiss (rapid)"]
[EventRounds "9"]
[EventCountry "IND"]
[SourceTitle "EXT 2024"]
[Source "ChessBase"]
[SourceDate "2023.10.10"]
[SourceVersion "1"]
[SourceVersionDate "2023.10.10"]
[SourceQuality "1"]

1. e4 c6 2. d4 d5 3. exd5 cxd5 4. Bd3 Nf6 5. Bf4 Nc6 6. c3 h6 7. Nd2 Bg4 8. Qb3 Qc8 9. Ngf3 e6 10. 0-0 Be7 11. c4 dxc4 12. Qxc4 0-0 13. Rac1 Nd5 14. Bg3 Bf6 15. Ne5 Nxe5 16. dxe5 Qxc4 17. Rxc4 Bg5 18. Rxg4 Bxd2 19. Rd1 Ba5 20. Bc4 Rfd8 21. Bh4 Rd7 22. Rg3 Rc8 23. Bb3 g5 24. f4 Bb6+ 25. Kh1 Rdc7 26. Bxd5 exd5 27. fxg5 Rc1 28. gxh6+ Kh7 29. Rgd3 Rxd1+ 30. Rxd1 d4 31. h3 Kxh6 32. Rd2 Kg6 33. Bf2 Rd8 34. g4 Kg5 35. Kg2 Kf4 36. b4 Ke4 37. a4 Bc7 38. Bg3 Ke3 39. Ra2 d3 40. Bf2+ Ke4 41. Bxa7 d2 42. Rxd2 Rxd2+ 43. Kf1 Bxe5 0-1

[Event "IND-ch (Women) 48th"]
[Site "Hatkanangale"]
[Date "2023.01.05"]
[Round "11"]
[White "Aparajita, Gochhikar"]
[Black "Poorvi, Rajpoot"]
[Result "1-0"]
[WhiteElo "1739"]
[BlackElo "1377"]
[PlyCount "75"]
[EventDate "2022.12.26"]
[EventType "swiss"]
[EventRounds "11"]
[EventCountry "IND"]
[SourceTitle "CBM 212 Extra"]
[Source "ChessBase"]
[SourceDate "2023.03.31"]
[SourceVersion "1"]
[SourceVersionDate "2023.03.31"]
[SourceQuality "1"]

1. e4 c5 2. c3 d5 3. exd5 Qxd5 4. d4 g6 5. Nf3 Bg7 6. Be3 cxd4 7. cxd4 Nc6 8. Nc3 Qa5 9. Bb5 Bd7 10. 0-0 a6 11. Bc4 Nh6 12. d5 Nd8 13. Nd4 0-0 14. Rc1 Rc8 15. Be2 b5 16. a3 Nb7 17. Bf3 Rfd8 18. Nb3 Qc7 19. Nxb5 Qb8 20. Na7 Rxc1 21. Qxc1 Nf5 22. Nc6 Qd6 23. Nxd8 Nxd8 24. Bf4 e5 25. dxe6 Qxe6 26. Nc5 Qe7 27. Nxd7 Qxd7 28. Rd1 Qe7 29. Bg5 f6 30. Qc4+ Kh8 31. Bf4 g5 32. Qc8 Nd4 33. Be3 f5 34. h3 Qd6 35. Bxd4 Bxd4 36. Qxf5 Ne6 37. Bg4 Nf4 38. Rxd4 1-0

[Event "IND-ch (Women) 48th"]
[Site "Hatkanangale"]
[Date "2022.12.29"]
[Round "4"]
[White "Poorvi, Rajpoot"]
[Black "Anjali, R Sagar"]
[Result "1-0"]
[WhiteElo "1377"]
[BlackElo "1804"]
[PlyCount "49"]
[EventDate "2022.12.26"]
[EventType "swiss"]
[EventRounds "11"]
[EventCountry "IND"]
[SourceTitle "CBM 212 Extra"]
[Source "ChessBase"]
[SourceDate "2023.03.31"]
[SourceVersion "1"]
[SourceVersionDate "2023.03.31"]
[SourceQuality "1"]

1. e4 e5 2. Nf3 Nc6 3. Bc4 Bc5 4. c3 Nf6 5. d4 exd4 6. cxd4 Bb4+ 7. Nc3 Nxe4 8. 0-0 Bxc3 9. d5 Bf6 10. Re1 Ne7 11. Rxe4 d6 12. Bg5 Bxg5 13. Nxg5 h6 14. Qe2 hxg5 15. Re1 Be6 16. dxe6 f5 17. Re3 c6 18. b4 d5 19. Rh3 Rxh3 20. gxh3 g6 21. Qe5 Ng8 22. Qg7 Qe7 23. Qxg8+ Qf8 24. Qxg6+ Kd8 25. e7+ 1-0